000
00290 a2200121 4500
001
146601
040
_c
Escola São Tomás de Aquino
100
_a
MACHADO, Ana Maria
240
1
0
_a
A velhinha maluquete
_l
por
245
1
0
_a
A velhinha maluquete
697
_a
*LITERATURA INFANTO
942
_c
BK
999
_c
146601
_d
146601